| Tag |
First Indicator |
Second Indicator |
Subfields |
| LEADER |
00000cam a2200000 i 4500 |
| 001 |
in00003473113 |
| 005 |
20151206104458.0 |
| 008 |
780531s1977 xx 00000 eng u |
| 035 |
|
|
|a (OCoLC)ocm03941212
|
| 040 |
|
|
|c LLU
|d TNY
|d UtOrBLW
|
| 090 |
|
|
|a RA971
|b .M344 1977
|
| 096 |
|
|
|a WX 150 M267 1977
|
| 245 |
0 |
0 |
|a Management effectiveness in hospitals :
|b a series of 13 articles from Hospitals, Journal of the American Hospital Association.
|
| 264 |
|
1 |
|a Chicago :
|b American Hospital Association,
|c 1977.
|
| 300 |
|
|
|a 44 pages :
|b illustrations ;
|c 28 cm.
|
| 336 |
|
|
|a text
|b txt
|2 rdacontent
|
| 337 |
|
|
|a unmediated
|b n
|2 rdamedia
|
| 338 |
|
|
|a volume
|b nc
|2 rdacarrier
|
| 500 |
|
|
|a Cover title.
|
| 650 |
|
0 |
|a Hospitals
|x Administration.
|
| 730 |
0 |
|
|a Hospitals.
|
| 999 |
|
|
|a MARS
|
| 999 |
f |
f |
|s 2a53e65d-dc8c-3402-b582-4e2e279861b4
|i 09a1da75-e967-3786-9d86-d77b1b976a29
|t 0
|
| 952 |
f |
f |
|p ric
|a Texas A&M University
|b Rellis Campus
|c Joint Library Facility
|d Remote Storage
|t 0
|e RA971 .M344 1977
|h Library of Congress classification
|i unmediated -- volume
|m 32060002184949
|
| 998 |
f |
f |
|a RA971 .M344 1977
|t 0
|l Remote Storage
|